| 000 | 00488nam a2200169Ia 4500 | ||
|---|---|---|---|
| 999 |
_c28658 _d28658 |
||
| 003 | OSt | ||
| 005 | 20260416152737.0 | ||
| 008 | 190216s9999||||xx |||||||||||||| ||und|| | ||
| 040 | _coclc | ||
| 082 |
_a100 _bYAT/T |
||
| 100 |
_aYati, Nitya Chaitanya _96870 |
||
| 245 | 0 |
_aTatvamasi Tathwavum Anushtanavum / _cNitya Chaitanya Yati |
|
| 260 |
_bD C Books, _aKottayam: _c2004. |
||
| 300 | _a182p | ||
| 650 | _aPhilosophy | ||
| 942 |
_cBK _2ddc _h100 _iYAT/T _k100 _mYAT/T |
||